|
|
|
|
| LEADER |
00999nam a22002177i 4500 |
| 005 |
20240122112535.0 |
| 008 |
161012s2002 gr ||||f |||| 000 1 gre d |
| 020 |
|
|
|a 9600332983
|
| 040 |
|
|
|a GR-PaULI
|b gre
|c GR-PaULI
|
| 041 |
1 |
|
|a gre
|h srp
|
| 082 |
0 |
4 |
|2 23
|a 890
|
| 100 |
1 |
|
|9 157503
|a Cosic, Dobrica,
|d 1921-2014
|e συγγραφέας
|
| 245 |
1 |
2 |
|a Η εποχή της εξουσίας :
|b μυθιστόρημα /
|c Ντόμπριτσα Τσόσιτς.
|
| 260 |
|
|
|a Αθήνα :
|b Καστανιώτης,
|c 2002.
|
| 300 |
|
|
|a 418 σ. ;
|c 21 εκ.
|
| 490 |
1 |
|
|a Οι ορίζοντες των Βαλκανίων
|
| 830 |
|
0 |
|a Ορίζοντες των Βαλκανίων (Καστανιώτης)
|9 157506
|
| 942 |
|
|
|2 ddc
|c BKN
|
| 952 |
|
|
|0 0
|1 0
|2 ddc
|4 0
|6 890_000000000000000_COS
|7 1
|9 206365
|a LISP
|b LISP
|c DON
|d 2016-10-12
|e ΔΙΑ
|i 087988
|l 0
|o 890 COS
|p 025000151940
|r 2016-10-12 00:00:00
|t 1
|v 2016.00
|w 2016-10-12
|y BKN
|x Συλλογή Διακογιάννη
|
| 998 |
|
|
|c ΒΑΣΙΛΕΙΟΥ
|d 2016-10
|
| 999 |
|
|
|c 125496
|d 125496
|